Hybrid CFRP/SWCNT Composites with Enhanced Electrical Conductivity and Mechanical Properties; Journal of Materials Engineering and Performance; Vol. 27, iss. 11

Podrobná bibliografie
Parent link:Journal of Materials Engineering and Performance
Vol. 27, iss. 11.— 2018.— [P. 5984-5991]
Hlavní autor: Burkov M. V. Mikhail Vladimirovich
Korporativní autor: Национальный исследовательский Томский политехнический университет Инженерная школа новых производственных технологий Отделение материаловедения
Další autoři: Eremin A. V. Aleksandr Vyacheslavovich
Shrnutí:Title screen
The results of the investigation dealing with enhancing the mechanical and functional properties of carbon fiber-reinforced polymers are presented in the paper. The scientific issue is relevant enough to the aerospace engineering where strength-to-density ratio is one of the most important properties providing sufficient strength and stiffness along with minimal weight, while electrical and heat conductivity are required for lightning strike protection and better efficiency of thermal deicing systems, respectively. In the present research, insufficient electric conductivity of CFRP is improved by adding single-wall carbon nanotubes. Measurement of electrical resistivity of modified composites as well as CNT-filled epoxy is taken. The results of mechanical testing demonstrate unchanged tensile strength, while flexural strength increases, which is attributed to higher interfacial shear strength of hybrid CFRP/CNT composites.
Режим доступа: по договору с организацией-держателем ресурса
Jazyk:angličtina
Vydáno: 2018
Témata:
On-line přístup:https://doi.org/10.1007/s11665-018-3695-x
Médium: MixedMaterials Elektronický zdroj Kapitola
KOHA link:https://koha.lib.tpu.ru/cgi-bin/koha/opac-detail.pl?biblionumber=659579

MARC

LEADER 00000naa0a2200000 4500
001 659579
005 20250321172242.0
035 |a (RuTPU)RU\TPU\network\28194 
035 |a RU\TPU\network\27957 
090 |a 659579 
100 |a 20190304d2018 k||y0rusy50 ba 
101 0 |a eng 
102 |a US 
135 |a drcn ---uucaa 
181 0 |a i  
182 0 |a b 
200 1 |a Hybrid CFRP/SWCNT Composites with Enhanced Electrical Conductivity and Mechanical Properties  |f M. V. Burkov, A. V. Eremin 
203 |a Text  |c electronic 
300 |a Title screen 
320 |a [References: 19 tit.] 
330 |a The results of the investigation dealing with enhancing the mechanical and functional properties of carbon fiber-reinforced polymers are presented in the paper. The scientific issue is relevant enough to the aerospace engineering where strength-to-density ratio is one of the most important properties providing sufficient strength and stiffness along with minimal weight, while electrical and heat conductivity are required for lightning strike protection and better efficiency of thermal deicing systems, respectively. In the present research, insufficient electric conductivity of CFRP is improved by adding single-wall carbon nanotubes. Measurement of electrical resistivity of modified composites as well as CNT-filled epoxy is taken. The results of mechanical testing demonstrate unchanged tensile strength, while flexural strength increases, which is attributed to higher interfacial shear strength of hybrid CFRP/CNT composites. 
333 |a Режим доступа: по договору с организацией-держателем ресурса 
461 |t Journal of Materials Engineering and Performance 
463 |t Vol. 27, iss. 11  |v [P. 5984-5991]  |d 2018 
610 1 |a электронный ресурс 
610 1 |a труды учёных ТПУ 
610 1 |a carbon fiber-reinforced polymers (CFRPs) 
610 1 |a electrical and thermal conductivity 
610 1 |a hybrid composites 
610 1 |a mechanical properties 
610 1 |a single-wall carbon nanotubes (SWCNTs) 
610 1 |a полимеры 
610 1 |a углеродное волокно 
610 1 |a теплопроводность 
610 1 |a гибридные комплексы 
610 1 |a нанотрубки 
700 1 |a Burkov  |b M. V.  |c specialist in the field of material science  |c associate professor of Tomsk polytechnical university, Candidate of Technical Sciences  |f 1987-  |g Mikhail Vladimirovich  |3 (RuTPU)RU\TPU\pers\32915 
701 1 |a Eremin  |b A. V.  |g Aleksandr Vyacheslavovich 
712 0 2 |a Национальный исследовательский Томский политехнический университет  |b Инженерная школа новых производственных технологий  |b Отделение материаловедения  |3 (RuTPU)RU\TPU\col\23508 
801 2 |a RU  |b 63413507  |c 20200116  |g RCR 
856 4 |u https://doi.org/10.1007/s11665-018-3695-x 
942 |c CF